Principles of Marketing (Record no. 837739)

MARC details
000 -LEADER
fixed length control field 00322pam a2200133 a 4500
020 ## - INTERNATIONAL STANDARD BOOK NUMBER
Terms of availability
041 ## - LANGUAGE CODE
Language code of original
082 ## - DEWEY DECIMAL CLASSIFICATION NUMBER
Classification number 658.8
100 ## - MAIN ENTRY--PERSONAL NAME
Personal name KOTLER (Philip)/ ARMSTRONG (G)
Relator term author
245 ## - TITLE STATEMENT
Title Principles of Marketing
Medium Textual Document
250 ## - EDITION STATEMENT
Edition statement 9th
260 ## - PUBLICATION, DISTRIBUTION, ETC.
Name of publisher, distributor, etc. Prentice Hall of India New Delhi
Date of publication, distribution, etc. 2002
930 ## - EQUIVALENCE OR CROSS-REFERENCE-UNIFORM TITLE HEADING [LOCAL, CANADA]
Uniform title 8334
Holdings
Withdrawn status Lost status Damaged status Not for loan Collection Home library Current library Date acquired Total Checkouts Full call number Barcode Date last seen Copy number Price effective from Koha item type
          Institute of Management & Research, New Delhi Institute of Management & Research, New Delhi 08/08/2003   658.8 IMD-26CB0000156 17/08/2023 2 17/08/2023 Book
          Institute of Management & Research, New Delhi Institute of Management & Research, New Delhi 08/08/2003   658.8 IMD-26CB0000155 17/08/2023 1 17/08/2023 Book